000 00361nam a2200145Ia 4500
008 230917s9999||||xx |||||||||||||| ||und||
040 _e177832
_aMAIN
041 _aEnglish
082 _a301.04 D74U
100 _aDoshi, Sambhulal
245 0 _aUchchatar samajshastriy sidhant
260 _aJaipur
_bRawat Publications
_c1996
300 _a405 p.
942 _cBK
999 _c94285
_d94285